| 000 | 00827nam a2200205 a 4500 | ||
|---|---|---|---|
| 001 | 66160 | ||
| 003 | BD-RjUL | ||
| 005 | 20211209081515.0 | ||
| 008 | 170314s1960 pk s o00| 0 eng | ||
| 035 | _a(BD-RjUL)66290 | ||
| 040 |
_aDLC _cDLC _dDLC _dBD-RjUL _beng |
||
| 041 | _aeng | ||
| 082 |
_a630.9549021 _223 _bWES 1960 |
||
| 110 | 1 |
_aWest Pakistan (Pakistan). _bBureau of Statistics, Planning and Development Department. _9195763 |
|
| 245 | 1 | 0 |
_aStatistics of West Pakistan : agricultural data division and district, 1947-48 through 1958-59 / _cWest Pakistan (Pakistan). Bureau of Statistics, Planning and Development Department. |
| 260 |
_aKarachi : _bManager of publications, _c1960 |
||
| 300 |
_aXI, 472 p. : _bIll. ; _c29 cm. |
||
| 650 |
_aAgriculture _zPakistan . _vStatistics. _x1947-1959 _9195762 |
||
| 942 |
_2ddc _cRAR |
||
| 999 |
_c66160 _d66160 |
||